• 首页
  • 本馆介绍
  • 公告通知
  • 最新文献
  • 馆藏检索
  • 电子资源
  • 读者导购
  • 参考咨询
  • 我的图书馆
  • 登录
  • 详细信息显示
  • 放入我的书架
  • 预约/预借图书
  • 作者相关作品
  • 分类相关作品
  • 丛书相关作品
  • 出版社相关作品

书目信息

  • 表格格式
  • 工作单格式
  • 卡片格式
题名:
世界图书馆博览
    
 
作者: 德永康元 著 ;学鼎 , 齐宁 , 建文 译
分册:  
出版信息: 福州   福建科学技术出版社  1985
页数: 246页
开本: 19cm
丛书名:
单 册:
中图分类: G259.11
科图分类:
主题词: 图书馆--简介--世界
电子资源:
ISBN:
000 00734nam0 2200265 45
001 0185003124
005 20061027105250.54
010    @dCNY1.33
091    @aCN@b17211.62
100    @a19900816d1985 em y0chiy0121 ea
101 1  @achi@cjpn
102    @aCN@b350000
105    @ay q 000yy
200 10 @a世界图书馆博览@Ashi jie tu shu guan bo lan@f(日)德作康元著@g学鼎等译
210    @a福州@c福建科学技术出版社@d1985
215    @a246页@d19cm
606    @a图书馆@x简介@y世界
690    @aG259.11@v3
701  0 @a德永康元@Ade yong kang yuan@4著
702  0 @a学鼎@Axue ding@4译
702  0 @a齐宁@Aqi ning@4译
702  0 @a建文@Ajian wen@4译
801  2 @aCN@bNLC@c20061027
801  0 @aCN@bTSSF
905    @a10447@dG259.11@e6
    
    世界图书馆博览/(日)德作康元著/学鼎等译.-福州:福建科学技术出版社,1985
    246页;19cm
    
    
    ISBN :CNY1.33
    
●
相关链接 在E读中查询图书 在五车中查询图书 在当当中查询图书 在豆瓣中查询图书


正题名:世界图书馆博览     索取号:G259.11/6         预约/预借

序号 登录号 条形码 馆藏地/架位号 状态 备注
1 0219937   000990645   密集书库/ [索取号:G259.11/6] 在馆    
2 0219938   000990574   第一样本阅览室/ [索取号:G259.11/6] 在馆    
唐山师范学院图书馆 欢迎您!
大连网信软件有限公司© 版权所有